Kategorii planirovanija narodnogo chozjajstva

Gespeichert in:
Bibliographische Detailangaben
1. Verfasser: Černyš, Leonard Petrovič
Format: Buch
Sprache:Russisch
Veröffentlicht: Minsk Nauka i technika 1981
Tags: Tag hinzufügen
Keine Tags, Fügen Sie das erste Tag hinzu!

MARC

LEADER 00000nam a2200000 4500
001 c137538
005 20230116105803.0
041 0 |a rus 
044 |a BY 
245 1 0 |a Kategorii planirovanija narodnogo chozjajstva  |c Leonard Petrovič Černyš 
264 1 |a Minsk  |b Nauka i technika  |c 1981 
300 |a 133 s. 
100 1 |a Černyš, Leonard Petrovič